Central Library OPAC University of Rajshahi

Rational book-keeping / (Record no. 61171)

MARC details
000 -LEADER
fixed length control field 00768nam a2200253 a 4500
001 - CONTROL NUMBER
control field 61171
003 - CONTROL NUMBER IDENTIFIER
rucl marc code BD-RjUL
005 - DATE AND TIME OF LATEST TRANSACTION
control field 20211209080929.0
008 - FIXED-LENGTH DATA ELEMENTS--GENERAL INFORMATION
fixed length control field 170115s1939 enka 000 0 eng d
035 ## - SYSTEM CONTROL NUMBER
System control number BD-RjUL 61295
040 ## - CATALOGING SOURCE
Original cataloging agency EQO
Transcribing agency EQO
Language of cataloging eng
Modifying agency BD-RjUL
041 ## - LANGUAGE CODE
Language code of text/sound track or separate title eng
082 ## - DEWEY DECIMAL CLASSIFICATION NUMBER
Edition number 23
Classification number 657.2
Author mark and year MAR 1953
100 1# - MAIN ENTRY--PERSONAL NAME
Personal name MacKechnie, John
9 (RLIN) 182505
245 10 - TITLE STATEMENT
Title Rational book-keeping /
Statement of responsibility, etc. completely revised and partly rewritten by S.T.H. John and H.G. Bertaut
250 ## - EDITION STATEMENT
Edition statement 9th ed
260 ## - PUBLICATION, DISTRIBUTION, ETC. (IMPRINT)
Place of publication, distribution, etc. Lond. &c :
Date of publication, distribution, etc. 1939 [reprint 1953
300 ## - PHYSICAL DESCRIPTION
Pagination 384 p. :
Illustrations ill. ;
Size 21 cm.
504 ## - BIBLIOGRAPHY, ETC. NOTE
Bibliography, etc includes index
650 ## - SUBJECT ADDED ENTRY--TOPICAL TERM
Topical term or geographic name as entry element Bookkeeping.
9 (RLIN) 182506
700 1# - ADDED ENTRY--PERSONAL NAME
Personal name John, S. T. H.
Personal name Bertaut, H. G.
942 ## - ADDED ENTRY ELEMENTS (KOHA)
Source of classification or shelving scheme Dewey Decimal Classification
Koha item type Books
Holdings
Lost status Source of classification or shelving scheme Damaged status Not for loan Collection code Permanent Location Current Location Shelving location Date acquired Source of acquisition Cost, normal purchase price Total Checkouts Full call number Date last seen Copy number Koha item type
  Dewey Decimal Classification   Not For Loan Non-fiction Central Library, University of Rajshahi Central Library, University of Rajshahi Reading Room 19/12/1957 Pak. American co. 6.00   657.2 MAR 1953 15/01/2017 C-1 Books